| 000 | 00384 a2200157 4500 | ||
|---|---|---|---|
| 001 | 75968 | ||
| 020 | _a8570566211 | ||
| 040 | _cAnchieta - Colégio São Paulo | ||
| 100 | _aScatamacchia, Maria Cristina Mineiro | ||
| 240 | 1 | 0 |
_aO encontro entre culturas _lpor |
| 245 | 1 | 0 | _aO encontro entre culturas |
| 300 | _a43 | ||
| 362 | 0 | _a1994 | |
| 650 | 4 | _aHistória do Brasil | |
| 942 | _cBK | ||
| 999 |
_c75968 _d75968 |
||